|
|
|
|
| LEADER |
00688nab a2200181 i 4500 |
| 001 |
misc73787 |
| 005 |
20241018113332.0 |
| 008 |
240110s1939 hu o 000 fre d |
| 040 |
|
|
|a SZTE Miscellanea Repozitórium
|b hun
|
| 041 |
|
|
|a fre
|
| 100 |
2 |
|
|a Szent-Györgyi Albert
|
| 245 |
1 |
0 |
|a Oxydations biologiques
|h [elektronikus dokumentum] /
|c Szent-Györgyi Albert
|
| 260 |
|
|
|a Imprimerie Lesigne
|b Bruxelles
|c 1939-01-01
|
| 300 |
|
|
|a 1-5
|
| 490 |
0 |
|
|a Journal de Pharmacie de Belgique
|v 21 No. 1
|
| 561 |
|
|
|a Szent-Györgyi Albert tudományos és egyéb írásai
|
| 695 |
|
|
|a Sejtlégzés - biológiai oxidáció
|
| 856 |
4 |
0 |
|u http://misc.bibl.u-szeged.hu/73787/1/szgya_magyar_142.pdf
|z Dokumentum-elérés
|